000 00534nam a2200193Ia 4500
005 20250923144712.0
008 008 250917s9999 xx 000 0 eng d
037 _aTextual
040 _aDSWL
_beng
_cDSWL
041 _aeng
_2eng
084 _aYX,ZB-Zu;1x, K0
_qDSWL
245 0 _aMentally subnormal
_cEd. by Margaret ADAMS
260 _aLondon
_b W. Heinemann Medical Book Ltd.
_c1960
300 _a271p.
365 _aINR
_b25
925 _g25
942 _cTEXL
_hYX,ZB-Zu;1x, K0
999 _c1442263
_d1442263